000 00250nam a22000977a 4500
008 160512b xxu||||| |||| 00| 0 eng d
041 _aeng
080 _a612.39
245 _aPjesa praktike nga bioteknologjia ushqimore:
_cGafur Xhabiri;
942 _2udc
_cBK
999 _c2125
_d2125